Harry Potter en images #1 - Statistiques

Statistiques générales
  • Ce quiz a été pris 10 807 fois
  • Le résultat moyen est 15 sur 20
Statistiques - réponses
Par images Hint Réponse % Correct
personnage Hermione Granger
100%
école Poudlard
99%
sport Quidditch
96%
chouette Hedwige
93%
sortilège Patronus
92%
auteure J.K. Rowling
91%
famille Black
87%
personnage Dolores Ombrage
86%
film où cette image est tirée Harry Potter et la Chambre des Secrets
74%
lieu Ministère de la Magie
74%
matière Divination
73%
objet Pierre de résurrection
69%
créature Détraqueur
67%
moyen de transport Magicobus
66%
acteur Tom Felton
65%
arbre Saule Cogneur
58%
potion Polynectar
54%
maison Le Terrier
53%
créature Sombral
52%
objet Rapeltout
37%
Aucun quiz correspondant
Distribution des résultats
% des personnes avec chaque résultat
Percentile par nombre de réponses
Votre historique - résultats
Vous n’avez pas pris ce quiz